| 000 | 004810000a22001210004500 | ||
|---|---|---|---|
| 100 | 1 | _aMahecha, Guidoberto | |
| 245 | 1 | 0 | _aLiteratura Apocalíptica: una introducción |
| 300 | _aVol. 19, Num 2 (Septiembre, 1999), Páginas 52-75 | ||
| 520 | _aIntroducción, 1. Los orígenes de la Apocalíptica, 2. Las características de la apocalíptica, 3. Frases y pasajes apocalípticos en los Sinópticos, Conclusión | ||
| 650 | 1 | 4 | _aAPOCALIPSIS |
| 773 | 0 | _tVida y Pensamiento | |
| 942 | _cANA | ||
| 999 |
_c62706 _d62706 |
||